Responses for Show #5320 - Friday, October 26, 2007

Paul Glaser game 1.

Contestants

[<< previous game]

Cathy Thomas, a data specialist from Denver, Colorado

Paul Glaser, a research scientist from Albany, New York

Tracy Martinell Henry, an attorney from St. Petersburg, Florida (whose 1-day cash winnings total $20,401)

[next game >>]

Jeopardy! Round responses

THE INDIANS
THE GIANTS
THE TWINS
THE NATIONALS
THE "A"s
IT'S BASEBALL
    $200 21
Indira Gandhi

Paul
    $200 1
Gulliver

Paul
    $200 6
(Tracy: What are rudders?)

hulls

TracyPaul
    $200 11
Ramadan

Cathy
    $200 16
an aerosol

Paul
    $200 26
the Babe Ruth Award

Tracy
    $400 22
Bombay

Cathy
    $400 2
Goliath

Paul
    $400 7
Gemini

Paul
    $400 12
Canada

Paul
    $400 17
an alcove

Paul
    $400 27
Anaheim

Paul
    $600 23
Pakistan

Paul
    $600 3
the Norse

Cathy
    $600 8
the kidneys

Tracy
    $600 13
Democratic Republic of Congo

Cathy
    $600 18
to adjourn

Paul
    $600 28
Tony Gwynn

Paul
    $800 24
Calcutta

Cathy
    $800 4
(General) Sherman

Paul
    $800 9
Kuala Lumpur

Tracy
    $800 14
France

Paul
    $800 19
abalone

Paul
    $800 29
(Cathy: Mickey Mantle?)

Maury Wills

Cathy
Triple Stumper
    $1000 25
Brahmin

Cathy
    $1000 5
(Paul: Who is Amerigo Vespucci?)

Mercator

Paul
Triple Stumper
    $1000 10
(Paul: What is Cannery Row?)

East of Eden

PaulCathy
    $1,200 15
(Paul: What is India?)
...
(Alex: We're talking about a kingdom. [*] has a king and it fits the description.)

Thailand

Paul
    $1000 20
[Applause for Paul's run of the category]

to acclimate

Paul
    $1000 30
Denny McLain

Triple Stumper

Scores at the first commercial break (after clue 15):

Tracy Paul Cathy
$1,200 $0 $2,400

Scores at the end of the Jeopardy! Round:

Tracy Paul Cathy
$1,400 $4,800 $3,800

Double Jeopardy! Round responses

PHYSICAL SCIENCE
OLD SONG LYRICS
LIBRARIES
THEATRE HISTORY
A FRUITY CATEGORY
PROVERBS
    $400 3
(Alex: Yes, like chlorine, for instance.)

-I-N-E

Paul
    $400 26
touch

Cathy
    $400 8
Cuba

Paul
    $400 2
(Cathy: What is leather?)

Heaven

PaulCathy
    $400 1
plum

Cathy
    $400 17
opportunity

Tracy
    $800 4
(Cathy: What are ions?)

electrons

PaulCathy
    $800 27
16 tons

Paul
    $2,000 9
the Reagan Library

Paul
    $800 12
Punch

Tracy
    $800 22
litchi

Cathy
    $800 18
thieves

Tracy
    $1200 5
water (or moisture)

Paul
    $1200 28
Mr. Sandman

Tracy
    $1200 10
Esperanto

Paul
    $1200 13
the Tony Awards

Cathy
    $1200 23
(Alex: What is [*]... for Tangiers?)

the tangerine

Triple Stumper
    $1200 19
horseshoes

Paul
    $4,600 6
inertia

Paul
    $1600 29
falling rain

Cathy
    $1600 11
the Folger Library

Cathy
    $1600 14
Ibsen

Cathy
    $1600 24
apricot

Paul
    $1600 20
repent

Tracy
    $2000 7
the solar wind

Paul
    $2000 30
falling star

Tracy
    $2000 16
the Bodleian Library

Tracy
    $2000 15
August Wilson

Cathy
    $2000 25
pears

Cathy
    $2000 21
(Cathy: What is the human heart?)

the human breast

Cathy
Triple Stumper

Scores at the end of the Double Jeopardy! Round:

Tracy Paul Cathy
$10,200 $21,400 $12,200

[wagering suggestions for these scores]

Final Jeopardy! Round responses

LITERARY CHARACTERS
(Alex: And I believe a motion picture company, maybe ours, is in the process of making a movie right now about this prince of the Geats.)
...
(Alex: [Revealing Tracy's response] You are correct. Slayed the monster Grendel.)
TracyWho is Beowolf?
$10,000
CathyWho is Beowulf?
$10,000
PaulWho was Beowulf?
$3,001
Beowulf

Final scores:

Tracy Paul Cathy
$20,200 $24,401 $22,200
3rd place: $1,000 New champion: $24,401 2nd place: $2,000

Game dynamics:

Coryat scores:

Tracy Paul Cathy
$10,200 $18,400 $12,200
10 R,
1 W
28 R
(including 2 DDs),
3 W
(including 1 DD)
16 R,
4 W

Combined Coryat: $40,800

[game clues] [game scores] [suggest correction]

Game tape date: 2007-07-31
The J! Archive is created by fans, for fans. Scraping, republication, monetization, and malicious use prohibited; this site may use cookies and collect identifying information. See terms. The Jeopardy! game show and all elements thereof, including but not limited to copyright and trademark thereto, are the property of Jeopardy Productions, Inc. and are protected under law. This website is not affiliated with, sponsored by, or operated by Jeopardy Productions, Inc. Join the discussion at JBoard.tv.